Κατάλογος Βιβλιοθηκών Mediterranean College

Investing in Eastern Europe / Capitalizing on Emerging Markets (Record no. 2707)

MARC details
000 -LEADER
fixed length control field 01110cam a22001934a 4500
005 - ΗΜΕΡΟΜΗΝΙΑ ΚΑΙ ΩΡΑ ΤΕΛΕΥΤΑΙΑΣ ΕΝΗΜΕΡΩΣΗΣ
Πεδίο ελέγχου 20250605164051.0
008 - FIXED-LENGTH DATA ELEMENTS--GENERAL INFORMATION
Πεδίο ελέγχου σταθερού μήκους 250528s ||||||||||||||||||||||||d
035 ## - SYSTEM CONTROL NUMBER
System control number 17279
020 ## - ISBN
ISBN 201593734
040 ## - ΠΗΓΗ ΚΑΤΑΛΟΓΟΓΡΑΦΗΣΗΣ
Φορέας πρωτότυπης καταλογογράφησης MC Athens Campus Library
Γλώσσα καταλογογράφησης Ελληνικά, Μοντέρνα (1453-)
Modifying agency MC Athens Campus Library
Κανόνες περιγραφικής καταλογογράφησης AACR2
245 1# - ΤΙΤΛΟΣ ΚΑΙ ΔΗΛΩΣΗ ΥΠΕΥΘΥΝΟΤΗΤΑΣ
Τίτλος Investing in Eastern Europe / Capitalizing on Emerging Markets
260 ## - PUBLICATION, DISTRIBUTION, ETC.
Name of publisher, distributor, etc. Allyn And Bacon,
Date of publication, distribution, etc. 1995
300 ## - PHYSICAL DESCRIPTION
Extent 164
520 ## - SUMMARY, ETC.
Summary, etc. This book identifies investment opportunities in specific industry sectors, and offers timely insights into how the individual markets will fare in the future. Preface, Executive Summary, Introduction, Investing in a Changed Eastern Europe: The Evolution of Joint Ventures, Reasons for Investing in Eastern Europe, Eastern European Expectations of Foreign Investment, Deciding on an Investment Strategy, Choosing the Best Investment Form, Negotiating a Joint Venture or Acquisition, Privatization and Liquidation Sales, The Czech Republic, Slovakia, Hungary, Poland, Albania, Bulgaria, Romania, The Future?, Index.
700 1# - ΠΡΟΣΘΕΤΗ ΑΝΑΓΡΑΦΗ--ΦΥΣΙΚΟ ΠΡΟΣΩΠΟ
Personal name Paliwoda Stanley
9 (RLIN) 1753
942 ## - ADDED ENTRY ELEMENTS (KOHA)
Koha item type Books
Holdings
Τύπος τεκμηρίου Βιβλιοθήκη Τρέχουσα τοποθεσία Barcode Αριθμός εισαγωγής Ημερομηνία απόκτησης Ταξιθετικό σύμβολο Αριθμός αντιτύπου Κατάσταση απόσυρσης Κατάσταση χαμένου Κατάσταση κατεστραμμένου Μη δανεισμός Σύνολο δανεισμών Ημερομηνία τελευταίας εμφάνισης Η τιμή ισχύει από
Books MC Athens Campus Library MC Athens Campus Library 9780000027061 9444 05/06/2025 332.6730947 PAL 1           05/06/2025 05/06/2025

MC Athens Campus Library
Πατησίων 94 & Κοδριγκτώνος 13, 104 34
Πελλήνης 8 & Πατησίων 107, 112 51
Τ: +30 210 8899600

MC Thessaloniki Campus Library
Ίωνος Δραγούμη 21, 54625 | Ίωνος Δραγούμη 15, 54625
Τ: +30 2310 287779 – Τ: +30 2314 440300